Matrimonio, matrimonio (Record no. 180063)

MARC details
000 -LEADER
campo de control de longitud fija 01446nam a2200301 i 4500
001 - NÚMERO DE CONTROL
campo de control 180063
003 - IDENTIFICADOR DE NÚMERO DE CONTROL
campo de control ES-MaACL
005 - FECHA Y HORA DE LA ÚLTIMA TRANSACCIÓN
campo de control 20250807082103.0
008 - DATOS DE LONGITUD FIJA--INFORMACIÓN GENERAL
campo de control de longitud fija 120410s2011 sp |||| | spa d
080 ## - NÚMERO DE LA CLASIFICACIÓN DECIMAL UNIVERSAL
Número de la Clasificación Decimal Universal 347.62
245 00 - MENCIÓN DEL TÍTULO
Título Matrimonio, matrimonio
Resto del título : la constitucionalidad de la reforma del Código civil que permite el matrimonio entre personas del mismo sexo /
Mención de responsabilidad, etc. Germán Gómez Orfanel, José María Miquel González, Gregorio Peces-Barba Martínez, Amelia Valcárcel Bernaldo de Quirós.
260 ## - PUBLICACIÓN, DISTRIBUCIÓN, ETC.
Lugar de publicación, distribución, etc. Madrid :
Nombre del editor, distribuidor, etc. COGAM, Colectivo de Lesbianas, Gays, Transexuales y Bisexuales de Madrid,
Fecha de publicación, distribución, etc. 2011.
300 ## - DESCRIPCIÓN FÍSICA
Extensión 14 p. ;
Dimensiones 21 cm +
Material acompañante/anejo 1 h.
594 ## - Nota al título y mención de responsabilidad
Nota al título y mención de responsabilidad En h. suelta: programa del Coloquio homónimo, celebrado el 28 de noviembre de 2011, en la Sala de Conferencias del Ateneo de Madrid.
610 24 - PUNTO DE ACCESO ADICIONAL DE MATERIA--NOMBRE DE ENTIDAD CORPORATIVA
Nombre de entidad corporativa o nombre de jurisdicción como elemento de entrada Ateneo de Madrid-
Subdivisión de forma Conferencias-
Subdivisión cronológica 2000-
9 (RLIN) 168597
650 #7 - PUNTO DE ACCESO ADICIONAL DE MATERIA--TÉRMINO DE MATERIA
Término de materia o nombre geográfico como elemento de entrada Matrimonio homosexual-
Subdivisión general Derecho y legislación
Fuente del encabezamiento o término
9 (RLIN) 149752
650 #7 - PUNTO DE ACCESO ADICIONAL DE MATERIA--TÉRMINO DE MATERIA
Término de materia o nombre geográfico como elemento de entrada Matrimonio (Derecho)
Fuente del encabezamiento o término embne
9 (RLIN) 144371
650 #4 - PUNTO DE ACCESO ADICIONAL DE MATERIA--TÉRMINO DE MATERIA
Término de materia o nombre geográfico como elemento de entrada Homosexualidad
9 (RLIN) 13469
650 #4 - PUNTO DE ACCESO ADICIONAL DE MATERIA--TÉRMINO DE MATERIA
Término de materia o nombre geográfico como elemento de entrada Bisexualidad
9 (RLIN) 239718
700 1# - ENTRADA AGREGADA--NOMBRE PERSONAL
Nombre de persona Gómez Orfanel, Germán.
9 (RLIN) 58091
700 1# - ENTRADA AGREGADA--NOMBRE PERSONAL
Nombre de persona Miquel González, José María.
9 (RLIN) 149751
700 1# - ENTRADA AGREGADA--NOMBRE PERSONAL
Nombre de persona Peces-Barba, Gregorio,
Fechas asociadas al nombre 1938-
9 (RLIN) 89835
700 1# - ENTRADA AGREGADA--NOMBRE PERSONAL
Nombre de persona Valcárcel, Amelia,
Fechas asociadas al nombre 1950-
9 (RLIN) 112466
710 2# - ENTRADA AGREGADA--NOMBRE DE ENTIDAD CORPORATIVA
Nombre de entidad corporativa o nombre de jurisdicción como elemento de entrada Colectivo de Lesbianas, Gays, Transexuales y Bisexuales de Madrid
9 (RLIN) 149750
852 ## - LOCALIZACIÓN
Ubicación ES-MaACL
Número de control de estantería 2309-F-22
942 ## - ELEMENTOS DE ENTRADA SECUNDARIOS (KOHA)
Fuente del sistema de clasificación o colocación Clasificación decimal universal
Holdings
Estatus retirado Estado de pérdida Estado de daño No para préstamo Colección Biblioteca de origen Biblioteca actual Ubicación en estantería Fecha de adquisición Fuente de adquisición Total de préstamos Signatura topográfica completa Código de barras Visto por última vez Precio de reemplazo Tipo de ítem Koha
        Colección de folletos Biblioteca del Ateneo de Madrid Biblioteca del Ateneo de Madrid Depósito folletos 10/04/2012     2309-F-22 1189189 23/02/2023 23/02/2023 Folleto